| 000 -LEADER |
| fixed length control field |
02102nam a22004337a 4500 |
| 001 - CONTROL NUMBER |
| control field |
14615623 |
| 003 - CONTROL NUMBER IDENTIFIER |
| control field |
OSt |
| 005 - DATE AND TIME OF LATEST TRANSACTION |
| control field |
20210420073318.0 |
| 008 - FIXED-LENGTH DATA ELEMENTS--GENERAL INFORMATION |
| fixed length control field |
061030s2006 nyuaf b 001 0deng d |
| 010 ## - LIBRARY OF CONGRESS CONTROL NUMBER |
| LC control number |
2006285190 |
| 020 ## - INTERNATIONAL STANDARD BOOK NUMBER |
| International Standard Book Number |
0743272234 |
| 024 3# - OTHER STANDARD IDENTIFIER |
| Standard number or code |
9780743272230 |
| 035 ## - SYSTEM CONTROL NUMBER |
| System control number |
(OCoLC)ocm71791999 |
| 040 ## - CATALOGING SOURCE |
| Original cataloging agency |
NVC |
| Transcribing agency |
NVC |
| Modifying agency |
NPL |
| -- |
VP@ |
| -- |
JZ6 |
| -- |
BAKER |
| -- |
BUR |
| -- |
YDXCP |
| -- |
OCLCQ |
| -- |
DLC |
| Language of cataloging |
eng |
| 041 ## - LANGUAGE CODE |
| Language code of text/sound track or separate title |
eng |
| 042 ## - AUTHENTICATION CODE |
| Authentication code |
lccopycat |
| 043 ## - GEOGRAPHIC AREA CODE |
| Geographic area code |
n-us--- |
| 050 00 - LIBRARY OF CONGRESS CALL NUMBER |
| Classification number |
E903.3 |
| Item number |
.W67 2006 |
| 080 ## - UNIVERSAL DECIMAL CLASSIFICATION NUMBER |
| Universal Decimal Classification number |
32 |
| Item number |
W-83 |
| 082 00 - DEWEY DECIMAL CLASSIFICATION NUMBER |
| Classification number |
973.931 |
| Edition number |
22 |
| 100 1# - MAIN ENTRY--PERSONAL NAME |
| Personal name |
Woodward, Bob, |
| Dates associated with a name |
1943- |
| 245 10 - TITLE STATEMENT |
| Title |
State of denial / Bush at War Part III |
| Statement of responsibility, etc. |
Bob Woodward. |
| 260 ## - PUBLICATION, DISTRIBUTION, ETC. |
| Place of publication, distribution, etc. |
New York : |
| Name of publisher, distributor, etc. |
Simon & Schuster, |
| Date of publication, distribution, etc. |
c2006. |
| 300 ## - PHYSICAL DESCRIPTION |
| Extent |
xiv, 560 p., [16] p. of plates : |
| Other physical details |
ill. ; |
| Dimensions |
25 cm. |
| 365 ## - TRADE PRICE |
| Price amount |
30 usd |
| 504 ## - BIBLIOGRAPHY, ETC. NOTE |
| Bibliography, etc. note |
Includes bibliographical references (p. 494-522) and index. |
| 520 ## - SUMMARY, ETC. |
| Summary, etc. |
A secret Pentagon assessment sent to the White House in May 2006 forecasted a more violent 2007 in Iraq, contradicting the repeated optimistic statements of President Bush. This book examines how the Bush administration avoided telling the truth about Iraq to the public, to Congress, and often to themselves. In this detailed inside story of a war-torn White House, Woodward answers the core questions: What happened after the invasion of Iraq? Why? How does Bush make decisions and manage a war that he chose to define his presidency? And is there an achievable plan for victory?--From publisher description. |
| 600 10 - SUBJECT ADDED ENTRY--PERSONAL NAME |
| Personal name |
Bush, George W. |
| Fuller form of name |
(George Walker), |
| Dates associated with a name |
1946- |
| 650 #0 - SUBJECT ADDED ENTRY--TOPICAL TERM |
| Topical term or geographic name entry element |
National security |
| Geographic subdivision |
United States |
| General subdivision |
Decision making. |
| 650 #0 - SUBJECT ADDED ENTRY--TOPICAL TERM |
| Topical term or geographic name entry element |
Politics |
| 9 (RLIN) |
443 |
| 650 #0 - SUBJECT ADDED ENTRY--TOPICAL TERM |
| Topical term or geographic name entry element |
Iraq War, 2003-2011. |
| 651 #0 - SUBJECT ADDED ENTRY--GEOGRAPHIC NAME |
| Geographic name |
United States |
| General subdivision |
Military policy |
| -- |
Decision making. |
| 651 #0 - SUBJECT ADDED ENTRY--GEOGRAPHIC NAME |
| Geographic name |
United States |
| General subdivision |
Officials and employees. |
| 653 ## - INDEX TERM--UNCONTROLLED |
| Uncontrolled term |
პოლიტიკა |
| 653 ## - INDEX TERM--UNCONTROLLED |
| Uncontrolled term |
სამხედრო პოლიტიკა |
| 906 ## - LOCAL DATA ELEMENT F, LDF (RLIN) |
| a |
7 |
| b |
cbc |
| c |
copycat |
| d |
1 |
| e |
ncip |
| f |
20 |
| g |
y-gencatlg |
| 942 ## - ADDED ENTRY ELEMENTS (KOHA) |
| Source of classification or shelving scheme |
|
| Koha item type |
Books |